| 000 | 00710nas a2200241 4500 | ||
|---|---|---|---|
| 001 | BR9202496 | ||
| 003 | BR-BrBNA | ||
| 005 | 20231205092513.0 | ||
| 007 | ta | ||
| 008 | 230509b bl.|||p| |||| 00| 00por d | ||
| 040 |
_aBR-BrBNA _bpor _cBiblioteca Nacional de Agricultura |
||
| 041 | _a(Pt) | ||
| 072 | _aL02 | ||
| 100 | 1 | _aCampos Neto, O. | |
| 245 | 1 | _aEfeitos da concentracao de proteina bruta na fertilidade de vacas leiteiras | |
| 650 | _aVACA LEITEIRA | ||
| 650 | _aNUTRIENTE | ||
| 650 | _aPROTEINA | ||
| 650 | _aNUTRICAO ANIMAL | ||
| 773 | 0 |
_tGado Holandes (Brazil) _xISSN 0401-7977 _g(Jan 1992), v. 57(400) p. 24 _wBR9202496 |
|
| 909 |
_a202311 _bLúcia _c55 _dLúcia Elande |
||
| 942 |
_2AGRIS _n0 _cANA |
||
| 999 |
_c132199 _d132199 |
||